000 00467nam a2200169 i 4500
001 25476
003 ES-MaACL
005 20230906153256.0
007 t|
008 021226s1971 sp ||||1| spa d
100 1 _aArce, Manuel.
_922456
245 1 0 _aTestamento en la montaƱa
_b: novela /
_cManuel Arce.
260 _aBarcelona :
_bPlaneta,
_c[1971]
300 _a237 p. ;
_c20 cm.
500 _aPremio Concha Espina 1955.
852 _aES-MaACL
_jC-39938
_bR.76192
999 _c25476
_d25476